Basic understanding to hospitality and tourism marketing with IMC/ (Record no. 3546)

MARC details
000 -LEADER
fixed length control field 00617nam a22001937a 4500
003 - CONTROL NUMBER IDENTIFIER
control field OSt
005 - DATE AND TIME OF LATEST TRANSACTION
control field 20250709082813.0
008 - FIXED-LENGTH DATA ELEMENTS--GENERAL INFORMATION
fixed length control field 250709b |||||||| |||| 00| 0 eng d
020 ## - INTERNATIONAL STANDARD BOOK NUMBER
International Standard Book Number 9789719654681
040 ## - CATALOGING SOURCE
Original cataloging agency DWCL - Main lib
Transcribing agency OC
082 ## - DEWEY DECIMAL CLASSIFICATION NUMBER
Classification number Fil. 338.4 V433b 2017
100 ## - MAIN ENTRY--PERSONAL NAME
Personal name Velasco, Evelyn O.
245 ## - TITLE STATEMENT
Title Basic understanding to hospitality and tourism marketing with IMC/
Statement of responsibility, etc. Evelyn O. Velasco
260 ## - PUBLICATION, DISTRIBUTION, ETC.
Place of publication, distribution, etc. Manila :
Name of publisher, distributor, etc. Unlimited Books,
Date of publication, distribution, etc. c2017.
300 ## - PHYSICAL DESCRIPTION
Extent viii, 134 pages :
Other physical details illustrations ;
Dimensions 23 cm.
700 ## - ADDED ENTRY--PERSONAL NAME
Personal name Daryl A. Javier
700 ## - ADDED ENTRY--PERSONAL NAME
Personal name Enrique S. Perez
942 ## - ADDED ENTRY ELEMENTS (KOHA)
Source of classification or shelving scheme Dewey Decimal Classification
Koha item type Book-Filipiniana
Call number prefix Fil.
Suppress in OPAC No
952 ## - LOCATION AND ITEM INFORMATION (KOHA)
--
Holdings
Withdrawn status Lost status Source of classification or shelving scheme Damaged status Not for loan Home library Current library Date acquired Source of acquisition Cost, normal purchase price Total Checkouts Full call number Barcode Date last seen Copy number Price effective from Koha item type Uniform Resource Identifier
    Dewey Decimal Classification     College Library College Library 12/01/2017 School Fund 595.00   Fil. 338.4 V433b 2017 51698 07/09/2025 c1 07/09/2025 BK - FIL